|
|
|
|
| LEADER |
01627nam a22003137a 4500 |
| 001 |
41863 |
| 003 |
BD-DhAAL |
| 005 |
20231015125012.0 |
| 008 |
231012t1998 bg ||||| |||| 00| 0 ben d |
| 020 |
|
|
|a 9840737725
|
| 040 |
|
|
|a BD-DhAAL
|d BD-DhAAL
|
| 041 |
|
|
|a ben
|
| 082 |
|
|
|a 307.14091724
|2 19
|
| 100 |
|
|
|a ফস্টার-কার্টান, আইডান.
|9 55716
|
| 245 |
|
|
|a উন্নয়নের সমাজতত্ত্ব /
|c আইডান ফস্টার-কার্টান , সাদাত উল্লাহ খান (অনুবাদক).
|
| 246 |
|
|
|a unnayaner samajtatwa
|
| 260 |
|
|
|a ঢাকা :
|b বাংলা একাডেমী,
|c ১৯৯৮.
|
| 300 |
|
|
|a [বার], ১১২ পৃষ্ঠা ;
|c ২২ সে.মি.
|
| 504 |
|
|
|a জীবনপঞ্জি ও গ্রন্থপঞ্জিগত নির্দেশিকা অন্তভূক্ত।
|
| 541 |
|
|
|a Complimentary copy from BIED.
|e 41863
|
| 650 |
|
|
|a Community development
|x Developing countries.
|9 55717
|
| 650 |
|
|
|a Developing countries
|x Social conditions.
|
| 650 |
|
|
|a Rural development
|x Developing countries.
|9 55718
|
| 650 |
|
|
|a Cities and towns
|x Developing countries.
|9 55719
|
| 700 |
|
|
|a খান, সাদাত উল্লাহ.
|
| 852 |
|
|
|a Ayesha Abed Library
|c BIED collection
|
| 942 |
|
|
|2 ddc
|c BK
|
| 999 |
|
|
|c 46232
|d 46232
|
| 952 |
|
|
|0 0
|1 0
|2 ddc
|4 0
|6 307_140917240000000_FOS
|7 0
|9 74575
|a BRACUL
|b BRACUL
|c GEN
|d 2023-10-12
|e Complimentary copy from BIED
|l 1
|o 307.14091724 FOS
|p 3010041863
|r 2024-01-30
|s 2024-01-23
|t 1
|w 2023-10-12
|y BK
|x Transferred from BIED to General Stacks
|